000 00332nam a2200157Ia 4500
003 IT-RoPAU
008 120407s9999 xx 000 0 und d
040 _aIT-RoPAU
040 _cIT-RoPAU
100 _aKarl Rahner
245 _aDio e la Rivelazione
260 _aEdizioni Paoline
300 _c cm
490 _v1
942 _cBK
999 _c3548
_d3548